Quantitative Techniques / (Record no. 8544)

MARC details
000 -LEADER
fixed length control field 00560nam a22002177a 4500
003 - CONTROL NUMBER IDENTIFIER
control field OSt
005 - DATE AND TIME OF LATEST TRANSACTION
control field 20240617124658.0
008 - FIXED-LENGTH DATA ELEMENTS--GENERAL INFORMATION
fixed length control field 240617b |||||||| |||| 00| 0 eng d
020 ## - INTERNATIONAL STANDARD BOOK NUMBER
International Standard Book Number 082645853x
020 ## - INTERNATIONAL STANDARD BOOK NUMBER
International Standard Book Number 0826458548
040 ## - CATALOGING SOURCE
Original cataloging agency MUST LIB
Language of cataloging MUST
Transcribing agency MUST
082 ## - DEWEY DECIMAL CLASSIFICATION NUMBER
Classification number 519 LUC 2002
100 ## - MAIN ENTRY--PERSONAL NAME
Personal name Lucey, Terry
9 (RLIN) 5279
245 ## - TITLE STATEMENT
Title Quantitative Techniques /
250 ## - EDITION STATEMENT
Edition statement 6th
260 ## - PUBLICATION, DISTRIBUTION, ETC. (IMPRINT)
Place of publication, distribution, etc. New York
Name of publisher, distributor, etc. Continuum
Date of publication, distribution, etc. 2002
300 ## - PHYSICAL DESCRIPTION
Extent viii, 558p.
Other physical details ill:,
Dimensions 24cm.
500 ## - GENERAL NOTE
General note Includes Indexes,
650 ## - SUBJECT ADDED ENTRY--TOPICAL TERM
Topical term or geographic name as entry element computer statistics,
9 (RLIN) 17349
942 ## - ADDED ENTRY ELEMENTS (KOHA)
Source of classification or shelving scheme Dewey Decimal Classification
Koha item type Open Shelf
Holdings
Withdrawn status Lost status Source of classification or shelving scheme Damaged status Not for loan Home library Current library Date acquired Source of acquisition Inventory number Total Checkouts Full call number Barcode Date last seen Price effective from Koha item type
    Dewey Decimal Classification     MUST Main Library MUST Main Library 17/06/2024 Purchase 03/19366   519 LUC 2024-20647 17/06/2024 17/06/2024 Book
    Dewey Decimal Classification     MUST Main Library MUST Main Library 17/06/2024 Purchase 2003/19365   519 LUC 2002 2024-20663 17/06/2024 17/06/2024 Open Shelf